| 000 | 00815nam a2200265 4500 | ||
|---|---|---|---|
| 001 | 2282372 | ||
| 005 | 20150402154647.0 | ||
| 008 | 000 | ||
| 010 | _a 79041821 | ||
| 015 | _aGB81 | ||
| 020 |
_a0582489873 : _c£5.50 ($13.50 U.S.) |
||
| 040 |
_aUOEL _cDLC _dDLC |
||
| 050 | 0 | 0 |
_aLB1027.5 _b.G34 |
| 082 | 0 | 0 | _a371.4/0941 |
| 100 | 1 |
_aGalloway, David, _d1942- |
|
| 245 | 1 | 0 |
_aTeaching and counselling : _bpastoral care in primary and secondary schools / _cDavid Galloway. |
| 260 |
_aLondon ; _aNew York : _bLongman, _c1981. |
||
| 300 |
_avii, 168 p. ; _c24 cm. |
||
| 500 | _aIncludes index. | ||
| 504 | _aBibliography: p. 160-164. | ||
| 650 | 0 |
_aTeacher-student relationships _xCase studies. |
|
| 650 | 0 |
_aSchool discipline _xCase studies. |
|
| 906 |
_a7 _bcbc _corignew _d1 _eocip _f19 _gy-gencatlg |
||
| 942 |
_2lcc _cLL |
||
| 999 |
_c3808 _d3808 |
||